Administración, metodología y evolución de las ideas /
Guardado en:
| Autor Principal: | |
|---|---|
| Formato: | Libro |
| Idioma: | Spanish |
| Publicado: |
Buenos Aires :
El Coloquio,
impresión de 1976.
|
| Materias: | |
| Etiquetas: |
Agregar Etiqueta
Sin Etiquetas, Sea el primero en etiquetar este registro!
|
| LEADER | 00678nam a22001695a 4500 | ||
|---|---|---|---|
| 001 | EUN.um034985 | ||
| 008 | 041125s1976####ag#a#####b####000#0#spa#d | ||
| 005 | 20080722163735.0 | ||
| 245 | 1 | 0 | |a Administración, metodología y evolución de las ideas / |c Jorge Alfredo Hermida. |
| 260 | |a Buenos Aires : |b El Coloquio, |c impresión de 1976. | ||
| 300 | |a 374 p. : |b il. ; |c 22 cm. | ||
| 504 | |a Incluye referencias bibliográficas. | ||
| 100 | 1 | |a Hermida, Jorge Alfredo |n n 85072414. | |
| 082 | 0 | 4 | |a 658.01 |2 15 |
| 650 | 7 | |a Administración de empresas. |2 unbist | |
| 859 | |a Ar-BaUNS |b BIB. CENTRAL - Sector B |h 658.01 |i H428 |p 80352/978 | ||
| 859 | |a Ar-BaUNS |b BIB. CENTRAL - Sector B |h 658.01 |i H428 |p 83576/980 |t Ej.8 | ||
